| 000 | 00586nam a22002057a 4500 | ||
|---|---|---|---|
| 003 | OSt | ||
| 005 | 20240411173151.0 | ||
| 008 | 210903b ||||| |||| 00| 0 eng d | ||
| 020 | _a0412350300 | ||
| 040 | _cDDC | ||
| 082 | _a574.524 BUR 1996 | ||
| 100 |
_aEdited by Burgman, M.A.; Ferson, S. ; Akcakaya, H.R. _914639 |
||
| 245 | _aRisk Assessment in Conservation Biology. | ||
| 260 |
_aUK _bChapman & Hall. _c1996 |
||
| 300 |
_aviii,314p; _bill _c25cm |
||
| 504 | _aIncludes; References and index. | ||
| 650 |
_aBiology _95602 |
||
| 650 |
_aConservation _95920 |
||
| 942 |
_2ddc _cO_SHELF |
||
| 999 |
_c7103 _d7103 |
||